[Event "FIDE Grand Swiss Women"]
[Site "Riga LAT"]
[Date "2021.10.31"]
[Round "5.7"]
[White "Vantika, Agrawal"]
[Black "Abdumalik, Zhansaya"]
[Result "1/2-1/2"]
[WhiteTitle "WIM"]
[BlackTitle "GM"]
[WhiteElo "2322"]
[BlackElo "2507"]
[WhiteFideId "25050389"]
[BlackFideId "13703544"]
[EventDate "2021.10.27"]

1. d4 Nf6 2. c4 g6 3. Nc3 d5 4. Nf3 Bg7 5. cxd5 Nxd5 6. e4 Nxc3 7. bxc3 c5 8.
Rb1 O-O 9. Be2 cxd4 10. cxd4 Qa5+ 11. Bd2 Qxa2 12. O-O Bg4 13. Be3 Nc6 14. d5
Ne5 15. Rxb7 a5 16. Rxe7 a4 17. Re1 Nxf3+ 18. gxf3 Bh3 19. e5 Qb2 20. Bd4 Qb4
21. Rc7 Rfc8 22. Rxc8+ Rxc8 23. Bf1 Bf5 24. Ba1 Bc2 25. Qe2 Bd3 26. Qd1 Bc2 27.
Qe2 Bd3 28. Qd1 Bc2 1/2-1/2

[Event "FIDE Grand Swiss Women"]
[Site "Riga LAT"]
[Date "2021.10.31"]
[Round "5.10"]
[White "Shuvalova, Polina"]
[Black "Arakhamia-Grant, Ketevan"]
[Result "1-0"]
[WhiteTitle "IM"]
[BlackTitle "GM"]
[WhiteElo "2509"]
[BlackElo "2376"]
[WhiteFideId "24171760"]
[BlackFideId "13600168"]
[EventDate "2021.10.27"]

1. d4 Nf6 2. c4 g6 3. Nc3 Bg7 4. e4 d6 5. Nf3 O-O 6. Be2 e5 7. O-O Nc6 8. d5 Ne7
9. Bg5 h6 10. Bd2 Nh5 11. Re1 Nf4 12. Bf1 g5 13. g3 Nh3+ 14. Bxh3 Bxh3 15. Bxg5
f6 16. Be3 f5 17. exf5 Bg4 18. h3 Bxh3 19. Nh4 Nxf5 20. Nxf5 Bxf5 21. g4 Qh4 22.
gxf5 Rxf5 23. Qd3 Rf3 24. Qe4 Qh5 25. Ne2 Raf8 26. Ng3 Qh3 27. Re2 Kh8 28. Rd1
R8f6 29. Bc1 Bf8 30. Rd3 Rxd3 31. Qxd3 h5 32. Bg5 Rf7 33. Qg6 1-0

[Event "FIDE Grand Swiss Women"]
[Site "Riga LAT"]
[Date "2021.10.31"]
[Round "5.11"]
[White "Sukandar, Irine Kharisma"]
[Black "Muzychuk, Mariya"]
[Result "0-1"]
[WhiteTitle "IM"]
[BlackTitle "GM"]
[WhiteElo "2406"]
[BlackElo "2536"]
[WhiteFideId "7101937"]
[BlackFideId "14114550"]
[EventDate "2021.10.27"]

1. e4 c6 2. d4 d5 3. Nc3 dxe4 4. Nxe4 Nf6 5. Nxf6+ exf6 6. c3 Bd6 7. Bd3 O-O 8.
Qc2 Re8+ 9. Ne2 h5 10. Be3 Nd7 11. O-O-O Nf8 12. c4 Be6 13. Kb1 Rc8 14. Ng3 g6
15. Ne4 Be7 16. Rhe1 b6 17. f3 f5 18. Nc3 Bb4 19. a3 Bd6 20. Qf2 Nh7 21. d5 cxd5
22. cxd5 Bd7 23. Ba6 Rc7 24. Nb5 Bxb5 25. Bxb5 Re5 26. Bd4 Rxe1 27. Rxe1 Re7 28.
Rd1 f6 29. g4 hxg4 30. fxg4 fxg4 31. Qh4 Re4 32. Bc3 Kg7 33. Bd3 g5 34. Qf2 Rf4
35. Qc2 Nf8 36. Bf5 Qc7 37. Re1 Qc4 38. Be4 b5 39. Bg2 a5 40. Re8 b4 41. axb4
axb4 42. Be1 Qb5 43. Ra8 b3 44. Ra7+ Kg8 45. Qc3 Be5 46. Qd2 Rd4 0-1

[Event "FIDE Grand Swiss Women"]
[Site "Riga LAT"]
[Date "2021.10.31"]
[Round "5.12"]
[White "Assaubayeva, Bibisara"]
[Black "Stefanova, Antoaneta"]
[Result "1-0"]
[WhiteTitle "IM"]
[BlackTitle "GM"]
[WhiteElo "2400"]
[BlackElo "2475"]
[WhiteFideId "13708694"]
[BlackFideId "2902257"]
[EventDate "2021.10.27"]

1. d4 d5 2. c4 c6 3. Nf3 e6 4. Qc2 dxc4 5. Qxc4 Nf6 6. Bg5 Qb6 7. Qc2 c5 8. Nbd2
Nc6 9. Nc4 Qc7 10. dxc5 Bxc5 11. a3 b5 12. Ncd2 Qb6 13. e3 Be7 14. Bd3 Bb7 15.
O-O Rc8 16. Rac1 h6 17. Bxf6 gxf6 18. Qd1 Rd8 19. Qe2 a6 20. Rfd1 f5 21. e4 fxe4
22. Bxe4 Bf6 23. Nb3 Rxd1+ 24. Qxd1 Ne5 25. Nxe5 Bxe5 26. Bxb7 Qxb7 27. Nc5 Qe7
28. Nd3 Qd6 29. Nxe5 Qxe5 30. Qd2 Ke7 31. Qb4+ Kf6 32. Re1 Qd5 33. Qc3+ e5 34.
Qe3 h5 35. h4 Rg8 36. g3 Rg6 37. Qe2 Rg4 38. Qe3 Qd4 39. Qh6+ Rg6 40. Qh8+ Ke6
41. Re3 Kd5 42. Qxh5 Qxb2 43. Qf5 Re6 44. Qxf7 e4 45. Qd7+ Rd6 46. Qf5+ Kc6 47.
Rc3+ Kb6 48. Qc5+ Ka5 49. Qc7+ Ka4 50. Qxd6 Qxc3 51. Qxa6+ Kb3 52. Qxb5+ Kxa3
53. Qa6+ Kb4 54. Qb7+ 1-0

[Event "FIDE Grand Swiss Women"]
[Site "Riga LAT"]
[Date "2021.10.31"]
[Round "5.15"]
[White "Melia, Salome"]
[Black "Vaishali, R"]
[Result "1/2-1/2"]
[WhiteTitle "IM"]
[BlackTitle "WGM"]
[WhiteElo "2371"]
[BlackElo "2419"]
[WhiteFideId "13602446"]
[BlackFideId "5091756"]
[EventDate "2021.10.27"]

1. e4 c5 2. Nf3 Nc6 3. Bb5 e6 4. O-O Nge7 5. Re1 Nd4 6. Bf1 Nxf3+ 7. Qxf3 Nc6 8.
b3 Be7 9. Bb2 e5 10. Nc3 O-O 11. Nd5 d6 12. Ne3 Bg5 13. Bc4 Be6 14. Qd1 Qf6 15.
Bd5 Qg6 16. c3 Bxd5 17. Nxd5 f5 18. d3 Bh4 19. Re2 fxe4 20. dxe4 Rf3 21. Ne3 Ne7
22. Nd5 Nc6 23. Ne3 Ne7 24. Nd5 Nc6 25. Ne3 Ne7 26. Nd5 1/2-1/2

[Event "FIDE Grand Swiss Women"]
[Site "Riga LAT"]
[Date "2021.10.31"]
[Round "5.16"]
[White "Rogule, Laura"]
[Black "Garifullina, Leya"]
[Result "1/2-1/2"]
[WhiteTitle "WGM"]
[BlackTitle "WGM"]
[WhiteElo "2289"]
[BlackElo "2409"]
[WhiteFideId "11601876"]
[BlackFideId "34127035"]
[EventDate "2021.10.27"]

1. c4 e5 2. g3 c6 3. Nf3 e4 4. Nd4 d5 5. cxd5 Qxd5 6. e3 Nf6 7. Nc3 Qe5 8. Bg2
Bc5 9. f4 Qe7 10. Nde2 Bf5 11. Qc2 h5 12. Na4 Bd6 13. b3 c5 14. Ba3 Nbd7 15. Rc1
O-O 16. h3 Rac8 17. g4 Bh7 18. Nac3 c4 19. Bxd6 Qxd6 20. g5 cxb3 21. axb3 Nd5
22. Bxe4 Bxe4 23. Nxe4 Qe6 24. N2c3 f5 25. gxf6 N7xf6 26. Ng5 Qe8 27. O-O Nxc3
28. dxc3 Qxe3+ 29. Kg2 Rfe8 30. Rf2 h4 31. c4 Rcd8 32. Rd1 a5 33. Rxd8 Rxd8 34.
Qe2 Qxe2 35. Rxe2 Rd3 36. Re5 Rxb3 37. Rxa5 g6 38. Rc5 Nh5 39. Rc8+ Kg7 40. Rc7+
Kf8 41. Ne6+ Kg8 42. Kf2 b6 43. c5 bxc5 44. Rxc5 Kf7 45. f5 Ng3 46. Ng5+ Kf6 47.
fxg6 Kxg6 48. Ra5 Nf5 49. Nf3 Rb2+ 50. Kg1 Kf6 51. Ra6+ Ke7 52. Ra4 Kf6 1/2-1/2

[Event "FIDE Grand Swiss Women"]
[Site "Riga LAT"]
[Date "2021.10.31"]
[Round "5.19"]
[White "Arabidze, Meri"]
[Black "Socko, Monika"]
[Result "0-1"]
[WhiteTitle "IM"]
[BlackTitle "GM"]
[WhiteElo "2441"]
[BlackElo "2397"]
[WhiteFideId "13604040"]
[BlackFideId "1106619"]
[EventDate "2021.10.27"]

1. d4 Nf6 2. c4 e6 3. Nc3 d5 4. Nf3 Be7 5. Bf4 O-O 6. a3 c6 7. e3 Nbd7 8. h3 Re8
9. Qc2 Nf8 10. Rd1 Ng6 11. Bg3 Bd6 12. Ne5 dxc4 13. Bxc4 Qc7 14. f4 a6 15. h4
Nd5 16. Bf2 Nxc3 17. bxc3 c5 18. h5 Nf8 19. h6 g6 20. Ng4 Be7 21. Bh4 cxd4 22.
Bxe7 Rxe7 23. Rxd4 b5 24. Be2 e5 25. Nf6+ Kh8 26. Nd5 Qc5 27. Rd2 Bf5 28. Qb2
Rd7 29. c4 Re8 30. fxe5 Ne6 31. Qb4 bxc4 32. Qxc5 Nxc5 33. Bxc4 Red8 34. O-O Be4
35. Rfd1 Ne6 36. Kh2 Nc7 37. Nf6 Rxd2 38. Rxd2 Rxd2 39. Nxe4 Rd7 40. Nd6 Kg8 41.
Kg3 Ne6 42. Bxa6 Ra7 43. Bc4 Rxa3 44. Bxe6 fxe6 45. Kf4 Ra1 46. g4 Rf1+ 47. Kg5
Rf3 48. Ne8 Kf7 49. Nd6+ Ke7 50. Nc4 Rh3 51. e4 Rc3 52. Nd2 Rd3 53. Nc4 Rc3 54.
Nd2 Kf7 55. Kf4 Rh3 56. Kg5 Rh1 57. Nc4 Rc1 58. Nd6+ Ke7 59. Kf4 Rc5 60. g5 Kd7
61. Nf7 Rc6 62. Ke3 Rc3+ 63. Kf4 Rd3 64. Kg4 Ke7 65. Nd6 Rxd6 66. exd6+ Kxd6 67.
Kf3 Kc5 68. Ke3 Kc4 69. Kf3 Kd4 70. Kf4 e5+ 71. Kf3 Kd3 0-1

[Event "FIDE Grand Swiss Women"]
[Site "Riga LAT"]
[Date "2021.10.31"]
[Round "5.25"]
[White "February, Jesse Nikki"]
[Black "Eizaguerri Floris, Maria"]
[Result "0-1"]
[WhiteTitle "WIM"]
[BlackTitle "FM"]
[WhiteElo "1857"]
[BlackElo "2328"]
[WhiteFideId "14312336"]
[BlackFideId "32065752"]
[EventDate "2021.10.27"]

1. e4 c5 2. Nf3 e6 3. Nc3 Nc6 4. d4 cxd4 5. Nxd4 a6 6. f4 Qc7 7. Nf3 d6 8. Bd3
Nf6 9. h3 b5 10. a3 Bb7 11. Be3 Be7 12. Qe2 Rc8 13. Qf2 Nd7 14. O-O Na5 15. f5
O-O 16. Qg3 Bf6 17. Bg5 exf5 18. exf5 Rfe8 19. Rad1 Qb6+ 20. Kh1 d5 21. Bxb5
axb5 22. Nxd5 Bxd5 23. Rxd5 Bxg5 24. Nxg5 Nf6 25. Rd6 Rc6 26. Rfd1 Nc4 27. R6d4
Ne3 28. Ne6 fxe6 29. Qxe3 exf5 30. Qb3+ Kh8 31. Qf7 Rce6 32. Kh2 R6e7 33. Qb3
Re3 34. Qb4 Qc7+ 35. Kg1 Re2 36. Qxb5 Qg3 0-1

[Event "FIDE Grand Swiss Women"]
[Site "Riga LAT"]
[Date "2021.11.01"]
[Round "6.1"]
[White "Lei, Tingjie"]
[Black "Zawadzka, Jolanta"]
[Result "1-0"]
[WhiteTitle "GM"]
[BlackTitle "WGM"]
[WhiteElo "2505"]
[BlackElo "2428"]
[WhiteFideId "8605114"]
[BlackFideId "1122320"]
[EventDate "2021.10.27"]

1. d4 Nf6 2. c4 e6 3. Nf3 d5 4. Nc3 Bb4 5. Qa4+ Nc6 6. a3 Bxc3+ 7. bxc3 Ne4 8.
e3 Nxc3 9. Qc2 Ne4 10. Bd3 O-O 11. O-O Re8 12. Rb1 h6 13. Bb2 Nd6 14. Nd2 dxc4
15. Nxc4 Nxc4 16. Bxc4 e5 17. d5 Ne7 18. Rfd1 Nf5 19. Rbc1 Qg5 20. Kh1 Bd7 21.
Bf1 Rac8 22. Qb3 Nd6 23. f3 Qh4 24. Re1 a6 25. e4 Bb5 26. g3 Qh5 27. Bg2 c5 28.
a4 Bd7 29. Qb6 Qg6 30. Ba3 Bxa4 31. Bxc5 Rcd8 32. Qb4 Bb5 33. f4 Qf6 34. fxe5
Qxe5 35. Bd4 Qh5 36. e5 Nf5 37. Bf2 Ne7 38. Qb3 Ng6 39. e6 fxe6 40. dxe6 Ne7 41.
Bxb7 Rd3 42. Qc2 Nd5 43. Qc5 Qf5 44. Kg1 Kh7 45. Bd4 Qg4 46. Bxd5 Rxd4 47. Bg2
Ra4 48. Qe5 h5 49. Rcd1 Ra2 50. Be4+ Kh8 51. Rd7 Re2 52. Rxe2 Bxe2 53. h3 1-0

[Event "FIDE Grand Swiss Women"]
[Site "Riga LAT"]
[Date "2021.11.01"]
[Round "6.3"]
[White "Harika, Dronavalli"]
[Black "Batsiashvili, Nino"]
[Result "1/2-1/2"]
[WhiteTitle "GM"]
[BlackTitle "GM"]
[WhiteElo "2511"]
[BlackElo "2484"]
[WhiteFideId "5015197"]
[BlackFideId "13602993"]
[EventDate "2021.10.27"]

1. e4 e5 2. Nf3 Nc6 3. Bb5 a6 4. Ba4 Nf6 5. d3 d6 6. c3 Bd7 7. O-O g6 8. Re1 Bg7
9. h3 O-O 10. Bc2 h6 11. d4 Nh5 12. Be3 Qe7 13. Nbd2 Nd8 14. Bd3 Ne6 15. Bf1
Rad8 16. a4 Be8 17. Qb3 exd4 18. cxd4 c6 19. Qa3 Nf6 20. Rac1 b5 21. axb5 axb5
22. e5 Nd5 23. Ne4 b4 24. Qb3 dxe5 25. dxe5 Nxe3 26. Qxe3 Nc7 27. Qc5 Qe6 28.
Qxb4 Nd5 29. Qb7 Nf4 30. Qb4 g5 31. Nc5 Qc8 32. Qe4 Bd7 33. Nxd7 Qxd7 34. Rxc6
Rb8 35. Rd6 Qb7 36. Qxb7 Rxb7 37. g3 Ne6 38. Rb1 Rfb8 39. Bc4 Nc5 40. Rc6 Bf8
41. e6 Nxe6 42. Bxe6 fxe6 43. Nd4 Rxb2 44. Rxb2 Rxb2 45. Nxe6 Bg7 46. Kg2 Be5
47. Kf3 Kf7 48. Nd8+ Kg7 49. Ke4 Bf6 50. Ne6+ Kf7 51. Kf3 Be5 52. Nd8+ Kg7 53.
Rc4 Kf6 54. Nc6 Rb3+ 55. Kg2 Bc3 56. h4 Ke6 57. Nd4+ Bxd4 58. Rxd4 Kf5 59. Kh3
Rb2 60. Rd8 Kg6 61. Rd6+ Kg7 62. f3 Rb3 63. hxg5 hxg5 64. Kg4 Rb5 65. Ra6 Rc5
66. Kh5 Rc3 67. Kg4 Rc5 68. Ra8 Rb5 69. Rc8 Ra5 70. Re8 Rb5 71. Re6 Ra5 72. Rb6
Rc5 73. Rb3 Kg6 74. Rb6+ Kg7 75. Re6 Ra5 76. Kh3 Ra3 77. Kg2 Ra2+ 78. Kh3 Ra3
79. Kg4 Ra5 1/2-1/2

[Event "FIDE Grand Swiss Women"]
[Site "Riga LAT"]
[Date "2021.11.01"]
[Round "6.5"]
[White "Muzychuk, Mariya"]
[Black "Dzagnidze, Nana"]
[Result "1-0"]
[WhiteTitle "GM"]
[BlackTitle "GM"]
[WhiteElo "2536"]
[BlackElo "2524"]
[WhiteFideId "14114550"]
[BlackFideId "13601903"]
[EventDate "2021.10.27"]

1. e4 c5 2. c3 d5 3. exd5 Qxd5 4. d4 Nf6 5. Nf3 Bg4 6. Be2 e6 7. h3 Bh5 8. c4
Qd7 9. d5 exd5 10. g4 Bg6 11. Ne5 Qe7 12. f4 Be4 13. O-O h5 14. g5 Qe6 15. Kh2
Bd6 16. gxf6 gxf6 17. cxd5 Bxd5 18. Nc3 fxe5 19. Qxd5 Nc6 20. Qxe6+ fxe6 21. Bb5
O-O-O 22. Bxc6 bxc6 23. Ne4 Bb8 24. fxe5 Bxe5+ 25. Bf4 Bxf4+ 26. Rxf4 Rd4 27.
Re1 Kc7 28. Re2 Kb6 29. Rf6 h4 30. Rxe6 Rf8 31. Re5 c4 32. Nc3 Rf3 33. R5e3 Rff4
34. Kg2 a5 35. Rf3 Rxf3 36. Kxf3 Kc5 37. Ne4+ Kb4 38. Re3 Rd8 39. Ke2 Rg8 40.
Kd2 Rg2+ 41. Re2 Rg1 42. Kc2 Rh1 43. Re3 Rh2+ 44. Nd2 a4 45. a3+ Kb5 46. Kc3 Rh1
47. Nf3 Rc1+ 48. Kd2 Rb1 49. Kc2 1-0

[Event "FIDE Grand Swiss Women"]
[Site "Riga LAT"]
[Date "2021.11.01"]
[Round "6.6"]
[White "Kosteniuk, Alexandra"]
[Black "Vantika, Agrawal"]
[Result "1-0"]
[WhiteTitle "GM"]
[BlackTitle "WIM"]
[WhiteElo "2518"]
[BlackElo "2322"]
[WhiteFideId "4128125"]
[BlackFideId "25050389"]
[EventDate "2021.10.27"]

1. e4 c5 2. Nf3 d6 3. Bb5+ Nd7 4. Ba4 Nf6 5. O-O e6 6. Re1 a6 7. c4 Be7 8. d4
cxd4 9. Nxd4 O-O 10. Nc3 Qc7 11. Qe2 Ne5 12. Bb3 Ng6 13. Kh1 e5 14. Nf5 Be6 15.
Bg5 h6 16. Be3 Qd7 17. g4 b5 18. f3 bxc4 19. Bxc4 Qc6 20. Bxe6 fxe6 21. Nxe7+
Nxe7 22. g5 hxg5 23. Bxg5 Kf7 24. Rg1 Rh8 25. Rg2 Ng6 26. Rag1 Nh5 27. Qd2 Rac8
28. Rg4 Rh7 29. Qg2 Rch8 30. Qf2 Qb7 31. Ne2 Rc8 32. Bd2 Ne7 33. Bc3 Nf6 34. Rg5
Rch8 35. R1g2 Nh5 36. Kg1 a5 37. f4 Qxe4 38. fxe5+ Ke8 39. exd6 Nd5 40. Bd2 Qb1+
41. Nc1 Qc2 42. Re5 Nhf6 43. Rxe6+ Kd7 44. Nb3 Rxh2 45. Qa7+ Kxe6 46. Nd4+ Ke5
47. Nxc2 Rh1+ 48. Kf2 Ne4+ 49. Ke2 Kxd6 50. Nd4 Re8 51. Qa6+ Ke5 52. Nf3+ 1-0

[Event "FIDE Grand Swiss Women"]
[Site "Riga LAT"]
[Date "2021.11.01"]
[Round "6.7"]
[White "Munguntuul, Batkhuyag"]
[Black "Shuvalova, Polina"]
[Result "1-0"]
[WhiteTitle "IM"]
[BlackTitle "IM"]
[WhiteElo "2433"]
[BlackElo "2509"]
[WhiteFideId "4900758"]
[BlackFideId "24171760"]
[EventDate "2021.10.27"]

1. e4 e5 2. Nf3 Nc6 3. Bb5 a6 4. Ba4 Nf6 5. d3 b5 6. Bb3 Bc5 7. Nc3 d6 8. Nd5 h6
9. c3 O-O 10. Nxf6+ Qxf6 11. Bd5 Bd7 12. Rg1 Ne7 13. Bxa8 Rxa8 14. Be3 Ng6 15.
d4 exd4 16. Bxd4 Qe7 17. Qe2 Be6 18. a3 Rb8 19. Qe3 a5 20. Kd2 f6 21. b4 Bb6 22.
Bxb6 Rxb6 23. bxa5 Ra6 24. a4 Rxa5 25. axb5 Rxb5 26. Rgb1 Rc5 27. Rb4 Kh7 28.
Ke1 Bc4 29. Raa4 Be6 30. Kf1 Bd7 31. Ra3 Qf7 32. Kg1 f5 33. exf5 Rxf5 34. h3 Nf4
35. Nh4 Rf6 36. Qe4+ g6 37. Ra8 Be6 38. Rbb8 Qd7 39. Kh2 Kg7 40. Qd4 g5 41. Nf5+
Kg6 42. g4 Nh5 43. gxh5+ Kxf5 44. Rf8 Rf7 45. Rxf7+ Qxf7 46. Qh8 Qf6 47. Qxf6+
Kxf6 48. Ra7 c5 49. Rh7 d5 50. Rxh6+ Kf5 51. Kg3 d4 52. cxd4 cxd4 53. Kf3 Bd5+
54. Ke2 Bc4+ 55. Kd2 g4 56. hxg4+ Kxg4 57. Rc6 1-0

[Event "FIDE Grand Swiss Women"]
[Site "Riga LAT"]
[Date "2021.11.01"]
[Round "6.8"]
[White "Osmak, Iulija"]
[Black "Abdumalik, Zhansaya"]
[Result "1/2-1/2"]
[WhiteTitle "IM"]
[BlackTitle "GM"]
[WhiteElo "2423"]
[BlackElo "2507"]
[WhiteFideId "14101602"]
[BlackFideId "13703544"]
[EventDate "2021.10.27"]

1. Nf3 Nf6 2. c4 e6 3. g3 d5 4. d4 Bb4+ 5. Bd2 a5 6. Qc2 Nc6 7. Bg2 dxc4 8. Qxc4
Qd5 9. Qd3 Qf5 10. Qxf5 exf5 11. a3 Bxd2+ 12. Nbxd2 O-O 13. Rc1 a4 14. e3 Be6
15. O-O Rfc8 16. Ne1 Na5 17. Nd3 c6 18. Nc5 b5 19. Nxe6 fxe6 20. Rc2 Nd5 21.
Rfc1 h6 22. Nf3 Nb3 23. Rd1 Ra7 24. Ne5 Rac7 25. Bf1 Kf8 26. h4 Ke7 27. h5 Kf6
28. Be2 Nb6 29. Nd3 c5 30. dxc5 Nc4 31. Kf1 Nxc5 32. Nxc5 Rxc5 33. Ke1 Na5 34.
Rxc5 Rxc5 35. Rd7 Rc1+ 36. Rd1 Rc5 37. Rd7 Rc1+ 38. Rd1 1/2-1/2

[Event "FIDE Grand Swiss Women"]
[Site "Riga LAT"]
[Date "2021.11.01"]
[Round "6.23"]
[White "Eizaguerri Floris, Maria"]
[Black "Arabidze, Meri"]
[Result "1/2-1/2"]
[WhiteTitle "FM"]
[BlackTitle "IM"]
[WhiteElo "2328"]
[BlackElo "2441"]
[WhiteFideId "32065752"]
[BlackFideId "13604040"]
[EventDate "2021.10.27"]

1. e4 c5 2. Nf3 Nc6 3. d4 cxd4 4. Nxd4 Nf6 5. Nc3 e5 6. Ndb5 d6 7. Nd5 Nxd5 8.
exd5 Nb8 9. a4 Be7 10. Be2 O-O 11. O-O a6 12. Na3 Nd7 13. Nc4 f5 14. f4 Bf6 15.
a5 Qc7 16. Be3 exf4 17. Bxf4 Ne5 18. Nb6 Rb8 19. Be3 Ng6 20. Rb1 Qe7 21. Bf2 Be5
22. b4 Nf4 23. Bf3 g5 24. Qd2 g4 25. Bd1 Ng6 26. Rb3 Bd7 27. Nxd7 Qxd7 28. c4 f4
29. Bc2 Qg7 30. Qd1 Ne7 31. g3 f3 32. Qd2 Rbc8 33. c5 Rfd8 34. Be4 h5 35. Kh1
Kh8 36. h4 Ng8 37. Bf5 Rc7 38. c6 bxc6 39. Bb6 Bxg3 40. Bxc7 Qxc7 41. Qg5 Qf7
42. Be6 Qf6 43. Qxf6+ Nxf6 44. dxc6 d5 45. Rc1 Bc7 46. b5 axb5 47. Rxb5 Ne4 48.
Rb7 Ng3+ 49. Kh2 Ne2+ 50. Rxc7 Nxc1 51. Rd7 Rf8 52. c7 f2 53. Rf7 Rxf7 54. c8=Q+
Kg7 55. Qc3+ Kf8 56. Qh8+ Ke7 57. Bxf7 f1=Q 58. Qe8+ Kf6 59. Qe6+ Kg7 60. Qg6+
Kf8 61. Qg8+ Ke7 62. Qe8+ Kf6 63. Qe6+ 1/2-1/2

[Event "FIDE Grand Swiss Women"]
[Site "Riga LAT"]
[Date "2021.11.03"]
[Round "7.1"]
[White "Batsiashvili, Nino"]
[Black "Lei, Tingjie"]
[Result "0-1"]
[WhiteTitle "GM"]
[BlackTitle "GM"]
[WhiteElo "2484"]
[BlackElo "2505"]
[WhiteFideId "13602993"]
[BlackFideId "8605114"]
[EventDate "2021.10.27"]

1. d4 d5 2. c4 dxc4 3. Nf3 Nf6 4. e3 e6 5. Bxc4 c5 6. O-O a6 7. e4 b5 8. Be2
Nxe4 9. a4 b4 10. Qc2 Bb7 11. Rd1 Nd7 12. Bf4 cxd4 13. Rxd4 Rc8 14. Bc4 Nef6 15.
Nbd2 Bc5 16. Rd3 Qb6 17. Rf1 O-O 18. a5 Qc6 19. Re1 Rfe8 20. Nh4 e5 21. Bg5 e4
22. Rg3 Ne5 23. Nf5 Nh5 24. Qb3 e3 25. Nxe3 Bxe3 26. Bd5 Bxf2+ 27. Kxf2 Qc5+ 28.
Qe3 Nd3+ 29. Kf1 Nxg3+ 30. Qxg3 Rxe1+ 0-1

[Event "FIDE Grand Swiss Women"]
[Site "Riga LAT"]
[Date "2021.11.03"]
[Round "7.2"]
[White "Paehtz, Elisabeth"]
[Black "Pogonina, Natalija"]
[Result "1-0"]
[WhiteTitle "IM"]
[BlackTitle "WGM"]
[WhiteElo "2475"]
[BlackElo "2467"]
[WhiteFideId "4641833"]
[BlackFideId "4147855"]
[EventDate "2021.10.27"]

1. e4 e5 2. Nf3 Nc6 3. Bb5 a6 4. Ba4 Nf6 5. O-O Be7 6. Re1 b5 7. Bb3 d6 8. c3
O-O 9. d4 Bg4 10. Be3 exd4 11. cxd4 Na5 12. Bc2 Nc4 13. Bc1 c5 14. b3 Nb6 15.
Nbd2 Rc8 16. h3 Bh5 17. a4 bxa4 18. d5 axb3 19. Nxb3 Nfd7 20. g4 Bg6 21. Na5 Bf6
22. Ra3 h6 23. Bf4 Ne5 24. Nxe5 Bxe5 25. Bxe5 dxe5 26. Nc6 Qc7 27. Qe2 Ra8 28.
Rea1 Nd7 29. Qc4 Qd6 30. Rxa6 Rxa6 31. Rxa6 h5 32. Kg2 hxg4 33. hxg4 Qf6 34. Qd3
Qg5 35. Qg3 Bh7 36. Ra1 c4 37. Ra4 c3 38. Rc4 Nf6 39. Nxe5 Nxe4 40. f4 Qd8 41.
Rxe4 Bxe4+ 42. Bxe4 Qa5 43. Nc6 Qa2+ 44. Qf2 Ra8 45. d6 Qa4 46. Ne7+ Kf8 47.
Bxa8 Qxa8+ 48. Kh2 Qa4 49. Nf5 g6 50. Qd4 Qxd4 51. Nxd4 Ke8 52. Kg3 Kd7 53. Kf3
Kxd6 54. Nb5+ 1-0

[Event "FIDE Grand Swiss Women"]
[Site "Riga LAT"]
[Date "2021.11.03"]
[Round "7.3"]
[White "Kosteniuk, Alexandra"]
[Black "Zhu, Jiner"]
[Result "1-0"]
[WhiteTitle "GM"]
[BlackTitle "WGM"]
[WhiteElo "2518"]
[BlackElo "2455"]
[WhiteFideId "4128125"]
[BlackFideId "8608059"]
[EventDate "2021.10.27"]

1. d4 Nf6 2. c4 e6 3. Nc3 Bb4 4. e3 O-O 5. Bd3 d5 6. a3 Bxc3+ 7. bxc3 dxc4 8.
Bxc4 c5 9. Ne2 Qc7 10. Ba2 Nc6 11. O-O b6 12. c4 Rd8 13. Bb2 Na5 14. d5 Ne4 15.
Rc1 Nd6 16. Ng3 Qe7 17. e4 Ba6 18. Qg4 e5 19. f4 Qd7 20. Nf5 Nxf5 21. exf5 f6
22. fxe5 fxe5 23. Bxe5 Rf8 24. Qg3 Rf7 25. f6 g6 26. Rf4 Re8 27. Re1 Kh8 28.
Rfe4 Nb7 29. Bb1 b5 30. Rh4 Rg8 31. Bxg6 1-0

[Event "FIDE Grand Swiss Women"]
[Site "Riga LAT"]
[Date "2021.11.03"]
[Round "7.4"]
[White "Muzychuk, Mariya"]
[Black "Javakhishvili, Lela"]
[Result "1/2-1/2"]
[WhiteTitle "GM"]
[BlackTitle "IM"]
[WhiteElo "2536"]
[BlackElo "2446"]
[WhiteFideId "14114550"]
[BlackFideId "13601458"]
[EventDate "2021.10.27"]

1. e4 g6 2. d4 Bg7 3. Nc3 d6 4. Be3 c6 5. Qd2 b5 6. Nf3 Nd7 7. Bd3 Qc7 8. Ne2
Nb6 9. O-O e5 10. dxe5 dxe5 11. Bc5 Nf6 12. b3 Nbd7 13. Ba3 a5 14. c3 Ba6 15.
Ng3 c5 16. h4 O-O 17. h5 Rfe8 18. Qg5 c4 19. bxc4 bxc4 20. Bc2 h6 21. Qe3 Ng4
22. Qe2 Ngf6 23. Qe3 Ng4 24. Qe2 Ngf6 25. Qe3 Ng4 1/2-1/2

[Event "FIDE Grand Swiss Women"]
[Site "Riga LAT"]
[Date "2021.11.03"]
[Round "7.5"]
[White "Zawadzka, Jolanta"]
[Black "Harika, Dronavalli"]
[Result "1/2-1/2"]
[WhiteTitle "WGM"]
[BlackTitle "GM"]
[WhiteElo "2428"]
[BlackElo "2511"]
[WhiteFideId "1122320"]
[BlackFideId "5015197"]
[EventDate "2021.10.27"]

1. e4 e5 2. Nf3 Nc6 3. Nc3 Nf6 4. d4 exd4 5. Nxd4 Bb4 6. Nxc6 bxc6 7. Bd3 d5 8.
Bd2 Bxc3 9. Bxc3 dxe4 10. Bxf6 Qxf6 11. Bxe4 O-O 12. O-O Qxb2 13. Bxc6 Rb8 14.
Rb1 Qxb1 15. Qxb1 Rxb1 16. Rxb1 Rd8 17. Bf3 Kf8 18. Rb8 Re8 19. h3 Bf5 20. Rb7
c5 21. c3 Re1+ 22. Kh2 Rc1 23. Bd5 Be6 24. Bxe6 fxe6 25. Rxa7 Rxc3 26. Rc7 Rc2
27. Kg3 Rxa2 28. Rxc5 Kf7 29. f3 Kf6 30. h4 Rb2 31. Ra5 1/2-1/2

[Event "FIDE Grand Swiss Women"]
[Site "Riga LAT"]
[Date "2021.11.03"]
[Round "7.6"]
[White "Kashlinskaya, Alina"]
[Black "Munguntuul, Batkhuyag"]
[Result "1-0"]
[WhiteTitle "IM"]
[BlackTitle "IM"]
[WhiteElo "2493"]
[BlackElo "2433"]
[WhiteFideId "4198026"]
[BlackFideId "4900758"]
[EventDate "2021.10.27"]

1. d4 d5 2. c4 e6 3. Nf3 Nf6 4. Nc3 Nbd7 5. cxd5 exd5 6. Bf4 c6 7. Qc2 Nh5 8.
Bd2 Bd6 9. e3 Nb6 10. h3 Qe7 11. O-O-O Nf6 12. Bd3 h6 13. Kb1 Be6 14. Rc1 O-O-O
15. Nb5 Kb8 16. Nxd6 Qxd6 17. Rhd1 Rhe8 18. Be1 Ne4 19. a4 Rc8 20. a5 Nd7 21.
Qa4 c5 22. Qa3 c4 23. Bb4 Qa6 24. Bxe4 dxe4 25. d5 exf3 26. Bd6+ Ka8 27. dxe6
Rxe6 28. gxf3 Ree8 29. Qb4 Nb8 30. Bxb8 Kxb8 31. Rd6 Rc6 32. Rd7 Rcc8 33. Rd6
Rc6 34. Rxc6 Qxc6 35. Qxc4 Qxc4 36. Rxc4 Re5 37. b4 Rf5 38. f4 Rh5 39. Re4 Rxh3
40. Re8+ Kc7 41. Re7+ Kc6 42. Rxf7 Rh2 43. Rxg7 Rxf2 44. Rg6+ Kb5 45. Rxh6 Kxb4
46. Rh7 Kxa5 47. Rxb7 a6 48. Kc1 Ka4 49. Rb2 Rf1+ 50. Kd2 Ka3 51. Rb6 a5 52. Ke2
Rh1 53. f5 a4 54. f6 Rh7 55. e4 Ka2 56. e5 Rf7 57. Ke3 a3 58. Ke4 Ka1 59. Ra6 a2
60. Kf5 1-0